000 00431 a2200157 4500
020 _a0763714518
040 _aDLC
_bDLC
082 0 0 _a512.5
100 1 _aWilliams, Gareth,
245 1 0 _aLinear algebra with applications
_cGareth Williams.
250 _a4th ed.
260 _aBoston :
_bJones and Bartlett Publishers,
_c2001.
300 _axvii, 647 p. :
_bill. ;
_c24 cm.
650 0 _aAlgebras, Linear.
942 _cBK
_k512.5 WIL
_2ddc
999 _c4426
_d4426